| 000 | 00695nam a2200241 a 4500 | ||
|---|---|---|---|
| 005 | 20210219152849.0 | ||
| 008 | 991125n 000 0 eng u | ||
| 035 | _aUPN01000063924 | ||
| 100 | _aSLEETER, Christine E | ||
| 222 | _aHARVARD EDUCATIONAL REVIEW | ||
| 245 | _aAn analysis of multicultural education in the United States | ||
| 260 | _aMassachusetts, EUA | ||
| 300 | _a421-444 | ||
| 362 | _a1987 Vol. 57, no. 4, nov. | ||
| 653 | 0 | _aEDUCACION MULTICULTURAL | |
| 653 | 0 | _aESTADOS UNIDOS DE AMERICA | |
| 653 | 0 | _aGRUPOS MINORITARIOS | |
| 653 | 0 | _aLENGUAJE | |
| 653 | 0 | _aRELACIONES RACIALES | |
| 700 | _aGRANT, Carl A., coaut. | ||
| 904 |
_aAC _b001735 |
||
| 905 | _aArticulo | ||
| 999 |
_c62331 _d62331 |
||